|
|
|
|
| LEADER |
00629nta a2200157 i 4500 |
| 001 |
dipl41465 |
| 005 |
20130920130621.0 |
| 008 |
130919s2012 hu om 0|| zxx d |
| 040 |
|
|
|a SZTE Diploma Repozitórium
|b hun
|
| 041 |
|
|
|a zxx
|
| 100 |
1 |
|
|a Kizner Mónika
|
| 245 |
1 |
2 |
|a A magyar kereskedelmi televíziózás - Az RTL Klub és a TV2 összehasonlítása műsorszerkesztés és webfelület szempontjából
|h [elektronikus dokumentum] /
|c Mónika Kizner
|
| 260 |
|
|
|c 2012
|
| 650 |
|
4 |
|a Bölcsészettudományok
|
| 700 |
1 |
|
|a Mátyus Imre
|e ths
|
| 856 |
4 |
0 |
|u http://diploma.bibl.u-szeged.hu/id/eprint/41465/1/2012_kizner_monika.pdf
|z Dokumentum-elérés
|